Pediatric hematology & oncology secrets / (Record no. 60268)

MARC details
000 -LEADER
fixed length control field 00569nam a22001937a 4500
005 - DATE AND TIME OF LATEST TRANSACTION
control field 20260317130116.0
008 - FIXED-LENGTH DATA ELEMENTS--GENERAL INFORMATION
fixed length control field 260317b |||||||| |||| 00| 0 eng d
020 ## - INTERNATIONAL STANDARD BOOK NUMBER
International Standard Book Number 1560534443
050 ## - LIBRARY OF CONGRESS CALL NUMBER
Classification number RJ411
Item number .P43 2002
245 ## - TITLE STATEMENT
Title Pediatric hematology & oncology secrets /
260 ## - PUBLICATION, DISTRIBUTION, ETC. (IMPRINT)
Place of publication, distribution, etc Amsterdam :
Name of publisher, distributor, etc Elsevier,
Date of publication, distribution, etc 2002
300 ## - PHYSICAL DESCRIPTION
Extent 281 pages :
Other physical details illustrations ;
Dimensions 23 cm.
650 ## - SUBJECT ADDED ENTRY--TOPICAL TERM
Topical term or geographic name as entry element Pediatric hematology.
650 ## - SUBJECT ADDED ENTRY--TOPICAL TERM
Topical term or geographic name as entry element Tumors in children.
700 ## - ADDED ENTRY--PERSONAL NAME
Personal name Weiner, Michael A.
700 ## - ADDED ENTRY--PERSONAL NAME
Numeration Satwani, Prakash,
700 ## - ADDED ENTRY--PERSONAL NAME
Personal name Yamashiro, Darrell J.,
942 ## - ADDED ENTRY ELEMENTS (KOHA)
Source of classification or shelving scheme Library of Congress Classification
Item type Book
Holdings
Withdrawn status Lost status Source of classification or shelving scheme Damaged status Not for loan Collection code Home library Current library Shelving location Date acquired Total Checkouts Full call number Barcode Date last seen Copy number Price effective from Koha item type
    Library of Congress Classification   Not For Loan Non-fiction Bishop Okullu Memorial Library (Limuru Campus) Bishop Okullu Memorial Library (Limuru Campus) Processing Center 17/03/2026   RJ411 .P43 2002 073202 17/03/2026 1 17/03/2026 Book